BSOP header

如何建立服事的教會 How to build a diaconal church {ch} / (Record no. 20248)

MARC details
000 -LEADER
fixed length control field 00616nam a2200157 4500
008 - FIXED-LENGTH DATA ELEMENTS--GENERAL INFORMATION
fixed length control field 040610s1999 -ch chi
020 ## - INTERNATIONAL STANDARD BOOK NUMBER
International Standard Book Number 9579895546 :
Terms of availability NT80.00
090 ## - LOCALLY ASSIGNED LC-TYPE CALL NUMBER (OCLC); LOCAL CALL NUMBER (OCLC)
Classification number (OCLC) (R) ; Classification number, CALL (RLIN) (NR) BV680
Local cutter number (OCLC) ; Book number/undivided call number, CALL (RLIN) Of7
100 1# - MAIN ENTRY--PERSONAL NAME
Personal name 歐世德 Oftestad, Alf B.
245 10 - TITLE STATEMENT
Title 如何建立服事的教會 How to build a diaconal church {ch} /
Statement of responsibility, etc 歐世德 Alf B. Oftestad.
260 ## - PUBLICATION, DISTRIBUTION, ETC. (IMPRINT)
Place of publication, distribution, etc Taipei :中華信義神學院出版社
Date of publication, distribution, etc c1999.
300 ## - PHYSICAL DESCRIPTION
Extent 110 p.
650 #4 - SUBJECT ADDED ENTRY--TOPICAL TERM
Topical term or geographic name as entry element Elders (Church officers) {ch}.
650 #4 - SUBJECT ADDED ENTRY--TOPICAL TERM
Topical term or geographic name as entry element 執事,長老,教會人員 之間配搭侍奉 Deacons {ch}.
951 ## - EQUIVALENCE OR CROSS-REFERENCE-GEOGRAPHIC NAME/AREA NAME [OBSOLETE] [CAN/MARC only]
General subdivision 00028159
951 ## - EQUIVALENCE OR CROSS-REFERENCE-GEOGRAPHIC NAME/AREA NAME [OBSOLETE] [CAN/MARC only]
-- C-5192
-- BV680/Of7
-- 070613111400140
-- 2000-12-21
-- CH
Holdings
Withdrawn status Lost status Damaged status Not for loan Home library Current library Shelving location Date acquired Accession number Shelving control number Total Checkouts Full call number Barcode Date last seen Price effective from Koha item type
        BSOP Library BSOP Library Chinese Books (General Circulation) 12/21/2000 C-5192 127   BV680/Of7 00028159 02/23/2013 02/23/2013 Books
BSOP

Biblical Seminary of the Philippines
  All rights Reserved
  © 2024

CONTACT INFORMATION

Biblical Seminary of the Philippines,
  77-B Karuhatan Road, Valenzuela City,
  PHILIPPINES 1441
  Phone: +632 8292-6795 / 8292-6798
  Fax : +632 8292-6675
  Email: library@bsop.edu.ph